SNL - Props are the real stars II (Picture Click) Quiz Stats

 Plays Quiz not verified by Sporcle

Score 0/12 Timer 03:00
0 Plays Today
% Correct
Amy Poehler

Amber appears on The Bachelor
97.4%
Bill Hader

Anthony Peter Coleman’s puppet
gets intense
96.4%
Chris Farley
(with Phil Hartman & David Spade)

Matt Foley gives a pep talk
95.9%
Maya Rudolph (with Jimmy Fallon)

Omarosa has a target on her head
94%
Dan Aykroyd

Julia Child shows you how not
to make chicken
94%
Chris Pratt

He-Man adjusts to the real world
94%
Molly Shannon

Mary Katherine Gallagher tries to
impress a gang
92.2%
Kristen Wiig

Sue tries not to spoil the surprise
91.8%
Tina Fey

Oprah’s audience lose their minds
over free stuff
91.6%
John Belushi (with Buck Henry)

Samurai Futaba won’t break a twenty
91.5%
Chris Kattan (with Jennifer Aniston)

Mr. Peepers meets
Carrie Bradshaw in a bar
91.3%
Fred Armisen
(with Aidy Bryant & Jason Sudeikis)

Regine tries the guacamole
89.6%

You're not logged in!

Compare scores with friends on all Sporcle quizzes.
Join for Free
OR
Log In

You Might Also Like...

Show Comments

Extras

Top Quizzes Today


Score Distribution

Your Account Isn't Verified!

In order to create a playlist on Sporcle, you need to verify the email address you used during registration. Go to your Sporcle Settings to finish the process.

Report this User

Report this user for behavior that violates our Community Guidelines.

Details: